000 00888cam a2200301 a 4500
001 58534
003 CO-BoRNBP
005 20250825223746.0
007 ta
008 890523r19951985sp a r 00011 spa d
020 _a8426116914
040 _ala
_cla
041 0 _aspa
043 _ae-sp---
082 0 4 _aI863.6
_bA56n
_219 ed.
100 1 _aAmo Gili, Montserrat del,
_d1927-2015.
_962556
245 1 3 _aEl nudo /
_cMontserrat del Amo ; ilustraciones de María Rius.
250 _a3a. ed.
300 _a87 p. :
_bil. ;
_c19 cm.
336 _2rdacontent
_atexto
_btxt
337 _2rdamedia
_asin mediación
_bn
338 _2rdacarrier
_avolumen
_bnc
500 _aPremio Nacional de Literatura Infantil y Juvenil.
650 7 _aCuentos infantiles españoles.
_2BLAAUTO
_9725
700 1 _aRius i Camps, María,
_d1938-
_eil.
_960713
942 _2ddc
_cBK
949 _an
_bn
999 _c58534
_d58534